奥州街道の宿場 - Statistics

General Stats
  • This quiz has been taken 79 times
  • The average score is 33 of 114
Answer Stats
国名 郡名 宿場 % Correct
武蔵国 足立郡 千住
79%
宇都宮
76%
郡山
76%
福島
76%
小山
74%
白河
74%
名取郡 岩沼
71%
宮城郡 仙台
71%
岩手郡 盛岡
71%
古河
70%
陸中国 磐井郡 一関
68%
稗貫郡 花巻
68%
白石
67%
青森
67%
水沢
65%
草加
64%
栗橋
61%
三戸郡 三戸
61%
二本松
59%
小金井
58%
下野国 都賀郡 野木
55%
須賀川
53%
安達郡 本宮
53%
古川
53%
埼玉郡 越ヶ谷
52%
粕壁
52%
大河原
52%
幸手
50%
間々田
50%
塩谷郡 氏家
50%
野辺地
50%
葛飾郡 杉戸
48%
沼宮内
48%
陸奥国 二戸郡 一戸
48%
石橋
47%
伊達郡 桑折
47%
河内郡 雀宮
45%
槻木
42%
大田原
41%
矢吹
41%
長町
39%
亀田郡 箱館
39%
七戸
38%
五戸
36%
三厩
36%
藤田
35%
磐城国 刈田郡 越河
35%
黒川郡 富谷
33%
築館
33%
金ヶ崎
33%
貝田
32%
蝦夷地 松前
30%
福岡
29%
日和田
26%
胆沢郡 前沢
26%
黒沢尻
26%
24%
金田一
24%
磐城国 白河郡 白坂
23%
志田郡 三本木
23%
石鳥谷
23%
金成
21%
有壁
21%
津軽郡 小湊
21%
渋民
20%
吉岡
18%
喜連川
17%
| 下総国 中田
14%
新田
14%
野内
14%
白沢
12%
高清水
12%
山目
12%
油川
11%
七北田
9%
増田
8%
鍋掛
6%
芦野
6%
中畑新田
6%
瀬上
6%
平舘
6%
越堀
5%
陸前国 柴田郡 金ヶ瀬
5%
沢辺
5%
馬門
5%
那須郡 佐久山
3%
根田
3%
笠石
3%
安積郡 笹川
3%
小原田
3%
二本柳
3%
船迫
3%
小田川
2%
太田川
2%
踏瀬
2%
大和久
2%
岩代国 岩瀬郡 久来石
2%
日出山
2%
高倉
2%
南杉田
2%
北杉田
2%
清水町
2%
斎川
2%
和賀郡 鬼柳
2%
紫波郡 日詰郡山
2%
浅水
2%
北郡 伝法寺
2%
藤島
2%
福原
0%
信夫郡 八丁目
0%
若宮
0%
栗原郡 荒谷
0%
宮野
0%
No matching quizzes found
Score Distribution
Percent of People with Each Score
Percentile by Number Answered
Your Score History
You have not taken this quiz